Organizácia práce ředitele /

Saved in:
Bibliographic Details
Main Author: Kiezun, Witold (Author)
Other Authors: Tůma, R (Translator)
Format: Book
Language:Czech
Published: Praha : Svoboda, 1974
Subjects:
Tags: Add Tag
No Tags, Be the first to tag this record!

MARC

LEADER 00000nam a22000003a 4500
001 stu37721
005 20150617225729.2
008 920819s1974----cs------------------cze-d
040 |a STU  |b slo 
041 0 |a cze 
044 |a cs 
080 |a 65.012.4 
100 1 |a Kiezun, Witold  |4 aut 
245 1 |a Organizácia práce ředitele /  |c [aut.]Witold Kiezun; Z pol. R. Tůma 
260 |a Praha :  |b Svoboda,  |c 1974 
300 |a 130 s 
650 7 |a riadenie podnikové  |2 stusub 
650 7 |a management podnikový  |2 stusub 
700 1 |a Tůma, R  |4 trl 
996 |b 284M012116  |c M*6083-1  |l MMKN  |s A  |a 24  |w stu37721_0001